000 00703nam a22002177a 4500
003 0
005 20250923074038.0
008 250923b xxu||||| |||| 00| 0 eng d
020 _a978-1-77956-411-5
050 _aHF 5549.5.T7
_b.C46 2025
100 _aChopra, Rajiv,
_eauthor.
245 _aCorporate training and employee skill development /
_cRajiv Chopra.
260 _aCanada :
_bSociety Publishing,
_c2025.
300 _axvi, 421 pages :
_billustrations ;
_c24 cm.
504 _aIncludes bibliographical references and index.
650 _aEmployees
_xTraining of.
650 _aCareer development.
650 _aOrganizational learning.
650 _aPersonnel management.
942 _2lcc
_cBK
999 _c368056
_d368056